000 00743nam a2200253 i 4500
001 C2-0291303
003 PPAK
005 20180728023635.0
008 081013s2008 my a|||| ||||| | eng d
020 _a9789675087004
040 _aPPAK
_beng
_cPPAK
_erda
082 0 4 _a297.18
_223
090 0 0 _a297.18
_bSNA
_dK
245 0 4 _aThe snake that turned into a cane
264 1 _aPetaling Jaya, Selangor :
_bPustaka Rubiah ,
_c2008
300 _a[15 pages] :
_bcolour illustrations ;
_c27 cm
336 _2rdacontent
_atext
337 _2rdamedia
_aunmediated
338 _2rdacarrier
_avolume
490 1 _aAnimal tales from the al-Quran
650 1 0 _aIslamic stories, Malay.
830 0 _aAnimal tales from the al-Quran
942 _ddc
_cB
999 _c96472
_d96472